Příbramsko : oblastní turistický průvodce /

Hlavní autor: Špecinger, Otakar, 1923-2014
Jazyk: Čeština
Vydáno: Praha : Sportovní a turistické nakladatelství, 1958
Vydání: 1. vyd.
Edice: Řada oblastních turistických průvodců
Témata:
Externí odkaz: Digitalizovaný dokument
Fyzický popis: 140 s., 24 il., 2 map. příl.
Knihy
Uloženo v:
LEADER 01173nam a22002892a 4500
001 000163375
003 CZ BrMZK
005 20100309195757.0
007 ta
008 970107s1958 xr f cze d
015 |a cnb000513305 
035 |a (OCoLC)85321892 
040 |a BOA001  |b cze 
100 1 |a Špecinger, Otakar,  |d 1923-2014  |7 jk01130862  |4 aut 
245 1 0 |a Příbramsko :  |b oblastní turistický průvodce /  |c Otakar Špecinger a kolektiv 
250 |a 1. vyd. 
260 |a Praha :  |b Sportovní a turistické nakladatelství,  |c 1958 
300 |a 140 s., 24 il., 2 map. příl. 
490 1 |a Řada oblastních turistických průvodců ;  |v sv. 9 
830 0 |a Řada oblastních turistických průvodců 
856 4 1 |u http://www.digitalniknihovna.cz/mzk/uuid/uuid:a203e600-cf73-11e3-aec3-005056827e52  |y Digitalizovaný dokument  |x NDK 
910 |a BOA001  |b 1-0410.118  |b PK-A-0005.853 
920 |a 000389779 
964 |a Příbram-kraj - průvodci 
990 |a BK 
996 6 |b 2619805042  |c 1-0410.118  |l MZK  |r Sklad / do 1 hodiny  |n 1  |w 000163375  |u 000020  |a 1  |e BOA001  |j MZK50  |s P 
996 7 |b 3119941541  |c PK-A-0005.853  |l MZK  |r Sklad / do 1 hodiny  |n 3  |w 000163375  |u 000010  |a 1  |e BOA001  |j MZK50  |s A